书目信息 |
| 题名: |
远程联网消防监控系统研究
|
|
| 作者: | 郭玉伟 , 王伟杰 , 张茜 著 | |
| 分册: | ||
| 出版信息: | 北京 光明日报出版社 2016.06 |
|
| 页数: | 267页 | |
| 开本: | 24cm | |
| 丛书名: | ||
| 单 册: | ||
| 中图分类: | TU998.1 | |
| 科图分类: | ||
| 主题词: | 消防--安全监控系统--远程网络--研究 | |
| 电子资源: | ||
| ISBN: | 978-7-5194-1261-6 | |
| 000 | 00929nam0 2200241 450 | |
| 001 | 5457 | |
| 005 | 20181016085425.59 | |
| 010 | @a978-7-5194-1261-6@dCNY52.00 | |
| 100 | @a20170802d2016 em y0chiy50 ea | |
| 101 | 0 | @achi |
| 102 | @aCN@b110000 | |
| 105 | @ay z 000yy | |
| 200 | 1 | @a远程联网消防监控系统研究@9yuan cheng lian wang xiao fang jian kong xi tong yan jiu@f郭玉伟,王伟杰,张茜著 |
| 210 | @a北京@c光明日报出版社@d2016.06 | |
| 215 | @a267页@d24cm | |
| 330 | @a本书通过对远程联网消防监控系统的研究,分析了远程联网消防监控系统产生的必要性,以及远程消防系统在实践应用中的多方面特点,指出了该系统的技术型、功能性、和使用价值等优点。 | |
| 606 | 0 | @a消防@x安全监控系统@x远程网络@x研究 |
| 690 | @aTU998.1@v5 | |
| 701 | 0 | @a郭玉伟@9guo yu wei@c(消防)@4著 |
| 701 | 0 | @a王伟杰@9wang wei jie@f(1975~)@4著 |
| 701 | 0 | @a张茜@9zhang qian@c(女,消防)@4著 |
| 801 | 0 | @aCN@b91MARC@c20170802 |
| 905 | @aMuseLib@dTU998.1@e1490 | |
| 远程联网消防监控系统研究/郭玉伟,王伟杰,张茜著.-北京:光明日报出版社,2016.06 |
| 267页;24cm |
| ISBN 978-7-5194-1261-6:CNY52.00 |
| 本书通过对远程联网消防监控系统的研究,分析了远程联网消防监控系统产生的必要性,以及远程消防系统在实践应用中的多方面特点,指出了该系统的技术型、功能性、和使用价值等优点。 |
| ● |
| 相关链接 |
|
|
|
|
正题名:远程联网消防监控系统研究
索取号:TU998.1/1490
 
预约/预借
| 序号 | 登录号 | 条形码 | 馆藏地/架位号 | 状态 | 备注 |
| 1 | 1129800 | 211298004 | 第二样本阅览室/ [索取号:TU998.1/1490] | 在馆 | |
| 2 | 1129801 | 211298013 | 第三借阅区/ [索取号:TU998.1/1490] | 在馆 | |
| 3 | 1129802 | 211298022 | 第三借阅区/ [索取号:TU998.1/1490] | 在馆 | |
| 4 | 1129803 | 211298031 | 第三借阅区/ [索取号:TU998.1/1490] | 在馆 | |
| 5 | 1129804 | 211298040 | 第三借阅区/ [索取号:TU998.1/1490] | 在馆 |